| 000 | 00494nam a2200157 a 4500 | ||
|---|---|---|---|
| 001 | 000027602 | ||
| 005 | 20200930030944.0 | ||
| 008 | 110401s19uu dr 000 0 spa d | ||
| 020 | _a999340313X | ||
| 040 |
_aDO-SdBNP _bspa _cBNPHU |
||
| 100 | 1 |
_aPeralta Collado , José Santana _954696 |
|
| 245 | 1 | 0 |
_aContabilidad básica explicativa 1, 2, 3 / _cJosé Santana Peralta Collado. |
| 260 |
_aSanto Domingo : _bEditorial Arte e Idea, _c[199?]. |
||
| 300 |
_a88 p. : _bil. ; _c28 cm. |
||
| 049 | _aBNPD | ||
| 999 |
_c27094 _d27094 |
||